[Event "RUS-chT 09th Group2"]
[Site "Ekaterinburg"]
[Date "2002.05.17"]
[Round "1"]
[White "Vitiugov, Nikita"]
[Black "Poluljahov, Aleksandr"]
[Result "0-1"]
[WhiteElo "2408"]
[BlackElo "2533"]
[Annotator "Kapengut"]
[PlyCount "80"]
[EventDate "2002.05.17"]
[EventType "team-tourn"]
[EventRounds "7"]
[EventCountry "RUS"]
[SourceTitle "CBM 090"]
[Source "ChessBase"]
[SourceDate "2002.09.20"]
[SourceVersion "1"]
[SourceVersionDate "2002.09.20"]
[SourceQuality "1"]
[WhiteTeam "Sankt Petersburg Lentransgaz II"]
[BlackTeam "Maykop Universitet"]
[WhiteTeamCountry "RUS"]
[BlackTeamCountry "RUS"]

1. d4 Nf6 2. c4 e6 3. Nf3 c5 4. d5 d6 5. Nc3 exd5 6. cxd5 g6 7. e4 a6 8. a4 Bg4
{Black want to avoid the knight manoeuvre to c4, where it would be annoying
for opponent.} 9. Be2 Bxf3 10. Bxf3 Nbd7 11. Bf4 Qe7 12. O-O Bg7 13. e5 $5 {
White tries to take advantage of the disharmony in Black's camp.} dxe5 14. d6
Qe6 (14... Qd8 15. Re1 O-O 16. Bxe5 Nxe5 17. Rxe5 Nd7 18. Re7 Rb8 19. Qe2 Bd4
20. Nd5 $6 (20. Re1 $14 {[%csl Gd6][%cal Ge1e8,Gc3d5]}) 20... Nb6 21. Nxb6 Qxb6
22. d7 Qd6 23. Re1 Bf6 24. d8=Q Rfxd8 25. Rxb7 Rxb7 26. Bxb7 a5 $15 {Hug,
M-Antonio,R/Lugano 1989}) 15. Bxb7 (15. Nd5 Nxd5 16. Bxd5 Qf6 (16... Qxd6 $140
$2 17. Bxf7+ $16) 17. Bg3 Rb8 18. f4 e4 $5 19. Bxe4 O-O 20. Kh1 Rfd8 21. f5 g5
22. Qg4 h6 23. h4 Qxb2 24. hxg5 hxg5 25. Qxg5 Qf6 $15 {[%csl Gc5][%cal Gb7b5]
Gallego,V-Franco,Z/Linares 1991}) (15. Bg3 Rb8 16. Re1 O-O 17. Nd5 e4 (17...
Rfd8 $5 18. Nc7 Qf5 $15) 18. Nc3 Rfe8 19. Nxe4 Nxe4 (19... Ne5 20. Bxe5 Qxe5
21. Rc1 Nxe4 22. Rxe4 $14 {[%csl Gd6]}) 20. Rxe4 Qxe4 21. Bxe4 Rxe4 22. Qd2 (
22. Qd5 $5 Rb4 $13 {[%csl Rb2,Rg1][%cal Gb8e8]}) 22... Rbe8 23. h4 Bf6 (23...
Re2 24. Qa5 Bxb2 25. Rd1 $132) 24. Qa5 (24. Qd5 Bxb2 25. Rb1 Rb4 $13) 24... Bd8
25. Qc3 Bf6 26. Qa5 Bd8 27. Qc3 Bf6 {1/2-1/2 Xu Jun-Hracek,Z/Bad Homburg 1997})
(15. Bg5 Rb8 16. Re1 O-O 17. Qd2 b5 18. axb5 axb5 19. Ra6 Rb6 20. Rxb6 Nxb6 21.
Bxf6 Bxf6 22. Ne4 Nc4 $6 (22... Nd7) 23. Qd5 $1 {[%csl Rf6]} Bd8 24. Qxe6 fxe6
25. b3 $18 {Larsen,S-Thuesen,M /1991}) ({This position after:} 15. Re1 O-O {
can be reached with different move orders from A75} 16. Bxb7 Ra7 $5 (16... Rab8
$6 {[%csl Ra6]} 17. Bxa6 Rxb2 18. Bb5 $1 (18. Nb5 $6 Qf5 19. Bg3 e4 20. Na3 Ng4
21. Be2 e3 $1 22. f3 Nf2 $17 {Schneider,A-Salanczy.E /Budapest 1981}) (18. Qd3
Rb4 19. Bg3 Rfb8 (19... Rd4 20. Qf1 $1 Qxd6 21. Bc4 $36) (19... Nh5 $5 {
[%cal Gh5f4,Ge5e4]}) 20. Bb5 e4 21. Qc2 Nh5 22. Rad1 Nxg3 23. hxg3 f5 24. Nd5
R4xb5 25. axb5 Qxd6 26. Qb3 $36 {[%cal Gb3g8] Ftacnik,L-Kudrin,S/Hastings 1983/
Inf 37/ (113)}) 18... Rd8 $1 (18... Rb4 $5) (18... Qf5 $6 19. Be3 e4 (19... Ng4
$2 20. Nd5 (20. Bxd7 Nxe3 21. Bxf5 Nxd1 22. Nxd1 $18 {Browne,W}) 20... Kh8 21.
Bxd7 Qxd7 22. Bxc5 Rc8 23. Nb6 Rxb6 24. Bxb6 Rc6 25. a5 $1 Rxd6 26. a6 $3 {
1-0 Bonin,J-Abramson,D/New York Summer Fut 1991}) 20. Rb1 $1 Rxb1 (20... Rb4 $2
21. Rxb4 cxb4 22. Na2 Ng4 23. Nxb4 Bc3 24. Nd5 $18 {[%csl Rf5,Rg8][%cal Gd5e7]}
) 21. Qxb1 Ne5 (21... Qe5 22. Bxd7 $1 Nxd7 23. Nxe4 f5 24. Qb3+ Kh8 25. Qb7 $1
Qxe4 26. Qxd7 $16) 22. f3 $1 exf3 (22... Nd3 23. fxe4 Nxe4 24. Bxd3 Nxc3 25.
Bxf5 $18) 23. Qxf5 gxf5 24. Bxc5 Ned7 25. Bb4 $1 $16 {[%csl Ga4,Gd6][%cal
Gb5d7,Gb4f8] Browne,W-Chase,C/New York 1984/Inf 37/(114) Browne,W}) (18... Rb8
19. Qd3 $6 Rb4 20. Be3 e4 21. Qd2 Ng4 22. Bf4 Rd4 23. Qc2 e3 $1 24. fxe3 Rxf4
$1 25. exf4 Bd4+ (25... Qxd6 26. g3 Qd4+ 27. Kh1 Qxc3 28. Qxc3 Bxc3 29. Bxd7
Bxa1 30. Rxa1 Ne3 31. Bb5 Rd8 $132 {Crafty 16.3-Crafty 16.1/Cologne GER 1999})
26. Kh1 Qxd6 $17 {Garcia Martinez,S-Ljubojevic,L/Madrid 1973}) (18... Ng4 $1
19. Bg3 $1 (19. Qd5 $2 Qxd5 20. Nxd5 exf4 21. Bxd7 Bd4 $17) (19. Be3 {Browne,W}
e4 $5 $132)) 19. Rc1 $1 (19. Be3 Bf8 $132 {[%csl Rd6]}) (19. Bg5 $6 Qf5 $1 20.
Be3 Ng4 $1 (20... e4 $5 21. Qc1 $1 Rb3 (21... Rb4 $5 22. Na2 Rb3 23. Qc2 Ra3
$13 {[%cal Gf6g4,Gg7a1]}) (21... Nd5 22. Qxb2 (22. Bxd7 Rxd7 23. Nxd5 Qxd5 24.
Bxc5 Bd4 $11) 22... Bxc3 23. Qc2 Qe5 $13 {[%cal Gc3a1,Ge5d6]}) 22. Qc2 $1 Rxc3
$2 (22... Rb4 $5 23. Na2 Rd4 $5) 23. Qxc3 Nd5 {Van der Sterren,P-Stoica,V/
Albena 1983} 24. Qa5 $1 Rc8 25. Rac1 Ne5 $1 26. d7 $1 Nxd7 27. Bxd7 Qxd7 28.
Red1 $16 {Stoica,V}) 21. Bxd7 (21. Qf3 $5 {AK}) 21... Rxd7 22. Bxc5 Nxf2 23.
Qd5 $1 e4 $1 24. Qa8+ Bf8 25. Nd5 Nh3+ $1 26. Kh1 Nf2+ (26... Qg5 $5 27. g3 Qd2
28. Nf6+ Kg7 29. Ne8+ Kg8 $1 30. Nf6+ Kg7 $11) 27. Bxf2 (27. Kg1 Nh3+ $11)
27... Qxf2 28. Rg1 Kg7 29. Raf1 Qh4 30. Nf6 Rxd6 $1 31. Ne8+ Kh6 32. Rxf7 $1
Rxg2 $1 33. Rxg2 Rd1+ 34. Rg1 Rxg1+ 35. Kxg1 Bc5+ 36. Kh1 Qe1+ 37. Kg2 Qe2+ $11
{Stoica,V}) 19... Qf5 (19... Bf8 $5 {AK}) 20. Be3 e4 (20... Ng4 $5) (20... Bh6
$5 21. Re2 $1 Bxe3 22. Rxb2 Bxc1 23. Qxc1 $14) 21. Bxd7 $1 Rxd7 22. h3 c4 23.
Re2 Rb3 24. Nb5 Rd3 25. Qc2 c3 (25... Ne8 $142) 26. Nxc3 R7xd6 27. Nb5 Rd8 28.
Bb6 $16 {[%csl Ga4][%cal Ga4a5] Hjartarson,J-De Firmian,N/Reykjavik 37/113
1984/[Byrne,R; Mednis,E]}) 17. Bf3 (17. Bc6 {-15.Bb7}) 17... Rb8 {Now Black
has more than one way to get a satisfactory position:} 18. Nd5 (18. Qd2 $6 Rb6
(18... Rb4 $5 19. Be3 e4 20. Be2 Ne8 $13 {[%csl Rb2,Rd6][%cal Ga7b7,Gb7b2]})
19. Rad1 Bf8 20. Be3 Rxd6 21. Qc2 Rc7 {1/2-1/2 Molnar,L-Hardicsay,P/HUN 1999}
22. Rxd6 Bxd6 23. Rd1 Bf8 24. a5 $44 {^^ Pacheco,D-Glavina,P/ARG-chJ Neuquen
1986}) (18. Re2 Bf8 19. Bg5 Rb6 20. Ne4 Nxe4 21. Bxe4 Rxd6 22. Rd2 Rd4 $1 23.
Bc2 Qd6 24. Be3 Rxd2 25. Qxd2 Qxd2 26. Bxd2 c4 $17 {[%cal Gf8c5,Ga7b7,Gb7b2]
Magallon,A-Gil Reguera,J/Zaragoza 1989}) (18. a5 Ne8 (18... Rxb2 $5) 19. Na4
Nxd6 20. Be3 Rc7 21. Bd5 $6 (21. Rc1 c4 22. Bd5 Qf6 23. Nb6 $44) 21... Qf6 22.
Rc1 Nf5 $1 23. Nxc5 Nxe3 24. Nxd7 Qxf2+ $1 25. Kxf2 Nxd1+ 26. Rexd1 Rxb2+ 27.
Kg3 Rxd7 28. Bc4 Ra7 $17 {Costantino,G-Nasman,P/IECG 1997}) 18... Qxd6 19. Bg5
$1 Nxd5 (19... Qe6 20. Ra3 $5 $14 (20. b4 $140 $6 Nxd5 $1 21. Bxd5 Qf5 $17 {
[%csl Rb4,Rg5]})) 20. Bxd5 Qf8 21. Qc2 Nb6 22. Ba2 $1 (22. Rad1 $6 Nxd5 23.
Rxd5 Rab7 $17 {[%csl Rb2][%cal Gb8b2]}) 22... Rab7 23. Rab1 (23. a5 $2 Na8 $1)
23... Qe8 $1 24. Bb3 $1 (24. a5 Qa4 $1) 24... Qc8 (24... Qc6 25. Be3 Rc8 26.
Rec1 $44) 25. a5 Na8 26. Bc4 (26. Red1 $2 Qg4 $1 $19 {[%csl Rb3,Rg5]}) 26...
Nc7 27. Red1 {Browne W-Gurevich Dimitri/37/114 1984} Ne6 28. Bxe6 Qxe6 $15 {
Browne,W}) 15... Ra7 $5 {is the precise move order.} (15... Rb8 $6 16. Bc6 O-O
17. Be3 (17. Bg5 $6 Rb4 18. Bxd7 Nxd7 19. Be7 Rfb8 20. Rc1 Rxb2 21. Ne4 Rc8 22.
Qd3 c4 23. Ng5 Qf5 24. Qd5 e4 25. Qxe4 Qxe4 26. Nxe4 c3 $19 {Bronstein,
L-Tempone,M/Buenos Aires 1997}) 17... Rxb2 18. a5 e4 19. Na4 Rb4 20. Nxc5 Qf5
21. Nxa6 Rc4 22. Bxd7 Nxd7 23. Ra4 Rxa4 24. Qxa4 $16 {Herrmann,K-Lisak,J/W-ch
M439 corr 1988}) 16. Bc6 O-O 17. Re1 (17. Be3 $6 Rc8 18. Nd5 Bf8 $5 (18... Qxd6
19. Nxf6+ Qxf6 20. Bxd7 Rd8 21. Qg4 h5 22. Qg3 Rdxd7 23. Bxc5 Rab7 24. b4 e4
25. Rad1 Qc6 $132 {Agnos,D-Ionescu,C/Berga 1994}) 19. Bxd7 Rxd7 20. Nxf6+ Qxf6
21. Qg4 Qf5 22. Qxf5 gxf5 23. Rac1 c4 24. Rfd1 f4 25. Bd2 Rxd6 26. Bc3 f6 $17 {
Gomez Esteban,J-Franco,Z/Oropesa del Mar 1996}) 17... Rb8 {[%csl Rb2][%cal
Gb8b2]} (17... Rc8 18. Nd5 Nxd5 (18... Qxd6 $6 19. Nxf6+ Qxf6 20. Bxd7 Rd8 21.
Bxe5 Qb6 $1 22. a5 $1 Qb7 23. Qc1 $16 {Browne,W}) 19. Bxd5 Qf6 20. Bg3 (20. Be3
Bf8 $1 $13 {Browne,W}) 20... Bf8 21. Ra3 Qxd6 22. Rd3 Qe7 23. Bc4 e4 24. Bd6
Qe8 25. Bxf8 Kxf8 26. Rd6 Qe7 27. Bxa6 Rb8 28. Bb5 $16 {Granberg,N-Hyldkrog,L/
DEN-ch corr 1984}) 18. Qd2 $8 (18. Bxe5 $6 Nxe5 19. f4 Nxc6 $1 20. Rxe6 fxe6
21. Qe2 Nd4 22. Qc4 Nd7 23. Rb1 Rb4 $19 {Vermiash-Pinchuk,S/corr. 1997}) (18.
Bxd7 $6 Nxd7 19. Qd2 Rab7 20. Rab1 Rb6 21. Bg3 Rxd6 22. Qe2 f5 23. Rbd1 Rd4 24.
f3 Rdb4 $17 {Schwarzmeier,J-Ihlenfeld,E/corr 1986}) (18. Bg3 $6 Rb4 $1 19. Nd5
$6 Rd4 20. Ne7+ Kf8 21. Nc8 (21. Qf3 $140 $6 Rxd6 22. Nc8 Rxc6 23. Nxa7 Rc7 $19
{[%csl Ra7]}) 21... Rxd1 22. Raxd1 Qb3 23. Nxa7 Qb6 24. Bxe5 (24. Bxd7 Nxd7 25.
Nc8 Qc6 26. Ne7 Qxa4 $17 {Huss,A-Kindermann,S/Beersheba 1985}) 24... Qxa7 25.
a5 Nxe5 (25... Ng4 $6 26. Bg3 Bf6 27. Re7 $1 {[%csl Rd7][%cal Ge7a7]}) 26. Rxe5
Qb8 27. Rxc5 (27. d7 $140 $6 Nxd7 28. Red5 Qc7 29. Bxd7 Bxb2 $17 {[%csl Gc5]
[%cal Gc5c4]}) 27... Qxb2 28. Bb5 $1 $13 {[%csl Ga5,Gd6][%cal Ga5a6]}) 18...
Rb6 (18... Rb4 $6 19. Be3 Rb6 {[%cal Ge3a7]} 20. Nd5 Nxd5 21. Bxd5 Qe8 (21...
Qxd6 $140 $2 22. a5 $1 {/\Bf7}) 22. b4 $1 Rxb4 23. Bxc5 Nxc5 24. Qxb4 Nd3 25.
Qd4 $1 $18 {Netsurfer-Leop/ICC 1996}) 19. Bxd7 (19. Nd5 Nxd5 20. Bxd5 Qe8 (
20... Qxd6 $140 $2 21. a5 $16 {[%csl Rd6][%cal Gd5f7]}) 21. Be3 Qb8 22. Rab1 a5
$1 23. Rbc1 Qxd6 24. Red1 Bf8 25. Bc4 Qf6 26. Bb5 Rd6 27. Qe1 e4 28. Rxd6 Bxd6
29. Qd2 $44 {Hansen,C-Gruenfeld,Y/Thessaloniki olm 1984}) 19... Nxd7 20. Rad1
Rab7 $17 {[%csl Rb2][%cal Gb7b2] Black has cleverly quenched White's temporary
activity and now intends to start his own play.} 21. Qd3 (21. Nd5 $5 Rxd6 22.
Ne7+ Qxe7 23. Qxd6 Qxd6 24. Rxd6 exf4 25. Re7 Rxb2 26. Rexd7 Bd4 $1 $17 {
[%csl Rf2][%cal Gb2b1]}) 21... Bf8 22. Qf3 (22. Bxe5 $6 Nxe5 23. Qg3 Bxd6 24.
f4 f6 25. Ne4 c4 26. Rxd6 Rxd6 27. Nxf6+ Kh8 28. fxe5 Rd2 $17) 22... Rb8 23.
Bc1 (23. Bg3 Rxb2 24. Qd5 Qxd5 25. Nxd5 Bg7 $17) 23... Rxd6 24. Rxd6 Bxd6 25.
Qc6 Be7 $5 (25... Rb6 26. Qc8+ Bf8 27. Rd1 Rd6 28. Rxd6 Qxd6 29. a5 $15) 26.
Qxe6 fxe6 27. Rd1 Rb7 28. Ne4 Nb6 $6 (28... c4 $5 29. Kf1 Nb6 30. a5 Nd5 31.
Nd2 Rb4 $17) 29. b3 Nd5 30. Ba3 Rxb3 31. Bxc5 Nc3 $1 32. Nxc3 Bxc5 33. Ne4 Be7
(33... Bd4 34. Ng5 $5 Rb2 35. Nxe6 Bxf2+ 36. Kf1 Bb6 37. Rd7 $15) 34. f3 $6 (
34. Ra1 $15) 34... Ra3 35. Rd7 Kf8 36. Rb7 Rxa4 37. Rb8+ Kf7 38. Rb7 Ke8 39. g4
a5 40. g5 Rb4 0-1

[Event "BIH-chT"]
[Site "Neum"]
[Date "2002.06.03"]
[Round "2.3"]
[White "Kozul, Zdenko"]
[Black "Loncar, Robert"]
[Result "1-0"]
[WhiteElo "2595"]
[BlackElo "2436"]
[Annotator "Kapengut"]
[PlyCount "127"]
[EventDate "2002.06.02"]
[EventType "team"]
[EventRounds "9"]
[EventCountry "BIH"]
[SourceTitle "CBM 090"]
[Source "ChessBase"]
[SourceDate "2002.09.20"]
[SourceVersion "1"]
[SourceVersionDate "2002.09.20"]
[SourceQuality "1"]
[WhiteTeam "Sarajevo Bosna"]
[BlackTeam "Bugojno"]
[WhiteTeamCountry "BIH"]
[BlackTeamCountry "BIH"]

1. d4 Nf6 2. Nf3 c5 3. d5 g6 4. c4 Bg7 5. Nc3 O-O 6. e4 d6 7. h3 e6 8. Bd3 exd5
9. cxd5 a6 10. a4 Nbd7 11. O-O Nh5 12. Bg5 Bf6 13. Be3 Ne5 {This is one of
important Modern Benoni "tabyias". Black has secured the control of several
dark squares in the centre (the most important beeing e5 and d4) and has
avoided for the moment the dangerous break e4-e5. On the other hand, white
defended very well his central pawns and can decide later on which side he
should start concrete actions.} (13... Re8) 14. Be2 $5 {More precisely than} (
14. Nxe5 Bxe5 15. f4 $1 (15. Qd2 Re8 16. Rab1 (16. f4 $6 Bxc3 17. Qxc3 Ng3 $17
{Gheorghiu,F}) (16. g4 $2 Qh4 $1 17. gxh5 Bh2+ $1 18. Kxh2 Qxh3+ 19. Kg1 Qg4+
20. Kh1 Qf3+ 21. Kh2 Re5 {0-1 Calderin,R-Sariego,W,Manzanillo 1991}) 16... Bd7
17. b4 c4 $1 18. Bc2 (18. Bxc4 $140 $4 Rc8 $19) 18... b5 $15 19. a5 $5 f5 $1
20. exf5 Bxf5 21. Bxf5 gxf5 22. Bd4 Bxd4 $5 23. Qxd4 Qf6 (23... Qg5 24. Rfe1
Nf4 $17 {[%csl Rg2,Rh3] Gheorghiu,F}) 24. Qd2 (24. Qxf6 Nxf6 $17 {[%csl Gc4,
Rd5] Gheorghiu,F}) 24... Re5 25. Rfe1 Rae8 26. Kf1 Nf4 $3 $17 {[%csl Rb4,Rc3]
[%cal Gf4d3] Georgiev,Ki-Gheorghiu,F,Iraklion tt 40/119 1985}) 15... Bg7 (15...
Bd4 $6 16. Bxd4 cxd4 17. Ne2 {[%csl Rd4]} Qb6 (17... Nf6 18. Qd2 Re8 19. Ng3
Bd7 20. Qb4 $1 $16 {[%csl Rb7,Rd4,Rd6]} Nxd5 $6 21. exd5 Re3 22. Rf3 Rxf3 23.
gxf3 Qh4 24. Kf2 Qxf4 25. Re1 $18 {Dautov,R-Cherniak/Leningrad-chT/1989/}) 18.
a5 $1 Qxb2 19. Rb1 Qa2 (19... Qa3 20. Qd2 $1 Qc5 21. Rfc1 Qa7 22. Rb6 $16 {
[%csl Ra7,Rd4,Rd6]}) 20. Qe1 $5 Qa4 21. Qb4 $16 {[%csl Rd4,Rd6]
Zimmermann-Vaulin, Kobanya 1992}) 16. Qf3 {[%cal Gg2g4] /\ g4+/= Cimmerman,J} (
16. f5 $6 {[%csl Ge5]} Nf6 17. fxg6 fxg6 18. Qb3 Nd7 19. Rxf8+ Qxf8 20. Rf1 Qe7
$132) 16... Re8 17. g4 $5 (17. e5 $6 dxe5 18. fxe5 Rxe5 19. Qxf7+ Kh8 20. Bxc5
Bxh3 $5 $11 {Csiszar,C-Vaulin,A/Zalakaros 1992}) 17... Nf6 {White have a big
space advantage and tries to realize it} 18. e5 $1 (18. Rae1 Nd7 19. e5 $5 dxe5
20. f5 $5 e4 $1 $11 {[%csl Ge5][%cal Gg7b2]}) 18... dxe5 19. fxe5 Rxe5 20. Bf4
Re8 21. Bg5 {[%csl Rf7]} c4 22. Bxc4 Qc7 23. Qf4 $14 {[%csl Gd5]}) 14... Nxf3+
15. Bxf3 Ng7 16. Bf4 (16. Qd2 Rb8 17. Rab1 b5 18. b4 $5 c4 (18... cxb4 $6 19.
Rxb4 Qa5 20. Rfb1 Bd7 21. Bd4 $16) 19. axb5 axb5 20. Ra1 Be5 21. Ra5 $6 (21.
Ra3 f5 $5 {[%cal Gf5f4,Gf5e4,Gg7f5,Gf5d4,Gd8f6]}) 21... Bxh3 $1 {[%csl Rg1]}
22. Nxb5 (22. gxh3 $140 $2 Qf6 $36 {[%csl Rc3,Rf3]}) 22... c3 $5 23. Nxc3 Rxb4
24. Ra2 Bd7 $132 {Gonzalez Garcia,J-Borocz,I/HUN 1998}) ({Very often we can
meet the position after} 16. Re1 Re8 {with other move order:} 17. Qd2 (17. a5
Be5 (17... Rb8 18. Na4 Bd7 19. Qd2 Bxa4 20. Rxa4 Qd7 21. Rc4 Qb5 22. Rc2 b6 23.
Ra1 bxa5 24. Rxa5 Qb6 25. Ra2 a5 $11 {Xu Jun-Chekhov,Beijing 1991}) 18. Qd2 Bd7
19. Na4 Bb5 20. Nb6 Rb8 21. Rac1 f5 22. b4 cxb4 23. Qxb4 Qf6 24. Rc7 Re7 (24...
f4 $140 $6 25. Bd2 $16) 25. Rec1 Rbe8 26. Rxe7 Qxe7 27. Nc4 fxe4 28. Bxe4 Bh2+
29. Kxh2 Qxe4 30. Bd2 Qxd5 31. Nxd6 Rd8 32. Rc8 Rxc8 33. Nxc8 Qc4 $11 {Dobrev,
N-Todorov,O/Bulgaria 1994}) 17... Rb8 (17... Bd7 18. Rab1 (18. a5 b5 19. axb6
Qxb6 20. Ra2 Be5 21. Bh6 f5 22. Kh1 fxe4 23. Bxe4 Nf5 {[%csl Rh6][%cal Gf5d4]}
24. Bg5 Bg7 25. Bf4 a5 26. Bg5 Nd4 $15) (18. Ra2 h5 19. Rb1 Rc8 20. Ne2 Be5 21.
b4 c4 22. Rc1 f5 23. Bg5 Bf6 24. Bxf6 Qxf6 25. exf5 Nxf5 $14 {Solozhenkin,
E-Kuzmin,G/St.Peterburg op 1993}) 18... Rc8 19. g4 Be5 20. Bg2 Qc7 21. f4 Bxc3
22. Qxc3 f5 $5 (22... Bxa4 $6 23. f5 $1) 23. gxf5 (23. exf5 gxf5 24. g5 b5 $132
) 23... gxf5 24. e5 dxe5 25. fxe5 Qxe5 26. Qxe5 Rxe5 $11 {Nava,E-Wurschner,M/
IECG 2000}) (17... b6 18. Rab1 Be5 19. Bg5 Bf6 20. Bxf6 Qxf6 21. b4 Re5 22.
bxc5 bxc5 23. Bg4 (23. Rb6 $6 Bxh3 $5) (23. Be2 Qh4 24. Rb6 Bxh3 $5 25. gxh3
Rg5+ 26. Bg4 f5 $5) 23... Bxg4 24. hxg4 Rg5 $11 {Savchenko,S-Cornette,M/
Cappelle la Grande 2002}) 18. Rab1 Qc7 (18... Be5 19. b4 $6 cxb4 20. Rxb4 Bxh3
$1 21. Reb1 Bc8 22. Rb6 Qh4 23. Bd4 Qh2+ 24. Kf1 {Avrukh,B-Sergienko,S/
Budapest 1993} f5 $5 $40) 19. g4 b5 $5 (19... Bd7 20. Bg2 b5 21. axb5 axb5 22.
g5 Bd8 23. b4 cxb4 24. Na2 Qa5 25. Nxb4 $11 {Epishin,V-Chekhov,V/Warsaw 1990})
20. axb5 axb5 21. b4 $140 $6 cxb4 22. Na2 Bc3 $1 23. Nxc3 bxc3 24. Qd4 f5 $1
$132) 16... Re8 17. Re1 Be5 (17... Qe7 18. a5 Bd7 19. Qb3 Rab8 20. Qb6 Be5 21.
Bxe5 Qxe5 22. Rac1 Rec8 23. Nb1 $5 {[%cal Gb1d2,Gd2c4,Gb1a3,Ga3c4]} Bb5 24. Na3
Bd3 $5 25. Rc3 c4 26. Rec1 $16 {[%csl Rb7,Rc4,Rd6] Savchenko,S-Todorov,O/
Cappelle la Grande 1994}) 18. Qd2 $36 Bd7 19. a5 ({A little easy for black is:
} 19. Bxe5 Rxe5 20. Bd1 (20. Be2 g5 21. Rab1 {1/2-1/2 Polak,T-Gdanski,J/
Krynica 1997}) (20. a5 b5 21. axb6 Qxb6 22. Nd1 f5 23. Ne3 Bb5 24. exf5 Nxf5 $6
(24... gxf5 $5) 25. Nxf5 Rxf5 26. Bg4 Rf6 27. Re7 $16) 20... g5 21. Bg4 {
Dautov,R-Luther,T/Sverdlovsk 1989} h5 $5 $132) (19. Be2 f5 20. Bc4 (20. a5 Bxf4
(20... Qf6 $5) 21. Qxf4 Re5 22. Bd3 Nh5 23. Qd2 f4 24. Be2 Qh4 25. Bf3 Rae8
$132) 20... Qf6 21. Bxe5 Rxe5 22. exf5 Nxf5 23. Rxe5 Qxe5 24. Re1 Qd4 25. Qd3
Re8 26. Rxe8+ Bxe8 27. a5 $11 {Lazovic,G-Mantovani,R/Cannes op 1996}) 19...
Bxf4 (19... f6 $6 20. Bd1 Rb8 21. Bc2 b5 22. axb6 Qxb6 23. Ra2 Nh5 24. Bh2 Bb5
25. Rea1 Bxh2+ 26. Kxh2 Qc7 $14) 20. Qxf4 Re5 {The black's plan is 21...f5 to
improve the inferior position of the knight on g7.} 21. Ra3 $2 ({would be the
consistent plan here to play on queenside:} 21. Reb1 $5 Qe7 22. b4 c4 23. Qe3
f5 $5 24. Qb6 $5 {[%csl Rb7,Rd6]} fxe4 25. Qxb7 $5 Rd8 26. Be2 {[%csl Rc4]} Bb5
27. Qb6 Qd7 28. Bg4 Nf5 29. Re1 $16 {[%csl Rb5,Gc3,Re4,Gg4][%cal Gg4d7]}) 21...
Nf5 $1 {[%cal Gf5d4]} 22. Ne2 Ng7 $6 (22... Nh4 $5 23. Ng3 f5 $132 {[%csl Rh3]
[%cal Gh4f3,Gf5e4]}) 23. Rea1 $14 Ne8 24. Rb3 Bb5 25. Ng3 Qg5 (25... b6 $5 26.
axb6 Rb8 27. b7 Nf6 28. Rc3 Qe7 29. Qd2 Rxb7 30. b4 Nd7 31. Bg4 $14) 26. Qxg5
Rxg5 27. Bg4 Re5 28. f4 Re7 29. h4 (29. Bf3 Nf6 $132) 29... Nf6 30. Bf3 Nd7 31.
Rc3 Rae8 32. Rb1 c4 33. b3 cxb3 34. Rbxb3 f6 35. Kf2 Nc5 36. Ra3 Rc7 $6 (36...
b6 $5 {is worthy of consideration.} 37. axb6 Rb8 38. Ke3 Rxb6 39. Kd4 Be8 $132)
37. Ke3 Rec8 38. Bg4 $16 {[%csl Re6,Gg4]} f5 $6 (38... Bd7 39. Bxd7 Nxd7 40.
Rxc7 Rxc7 41. Ne2 $16 {[%cal Ge2d4,Gd4e6] /\Nd4-e6}) 39. exf5 Bd7 40. Kf3 Kg7
41. fxg6 Bxg4+ 42. Kxg4 hxg6 43. Ne2 $6 (43. f5 $1 $16 {[%csl Rd6,Rg7]}) 43...
Ne4 44. Rxc7+ Rxc7 45. Nd4 Nf6+ ({Probably objectively better was:} 45... Rc4
$5 46. Ne6+ Kf7 47. Ng5+ Nxg5 48. Kxg5 Rd4 49. g4 Rxd5+ 50. f5 gxf5 51. gxf5
$14) 46. Kf3 Rc4 47. Ne6+ Kf7 48. Ng5+ Kf8 49. Rb3 Nxd5 50. Ne4 $1 {[%csl Rb7,
Rd6]} Ra4 51. Rxb7 Rxa5 52. Nxd6 $16 Ra4 (52... Ra1 53. f5 gxf5 54. Nxf5 a5 55.
Ke4 Nf6+ 56. Ke5 Ng4+ 57. Kf4 $18) 53. g3 Rd4 (53... Rb4 54. Ra7 Rb6 55. Nc4
Re6 56. Ne5 $18) 54. h5 Rb4 55. Rf7+ Kg8 56. h6 $18 Rb6 57. Rg7+ Kf8 58. Rd7
Rb3+ 59. Kf2 Rb2+ 60. Kg1 Rb1+ 61. Kh2 Rb2+ 62. Kh3 Rb1 63. h7 Rh1+ 64. Kg2 1-0